01168nam a2200229Ia 4500003000900000008004100009020002100050040001600071080002300087111015700110245024300267260004800510300002300558650004000581650003800621650004300659700003500702700003600737942000700773999001700780952014100797IN-BaIIA211028s9999 xx 000 0 eng d a978-0521-88987-2 cIIA Library a082.2:52bIAU-S256 aSymposium of the International Astronomical Union on the Magellanic System, Stars, Gas, and Galaxiesn256thcKeele Universityd2008 July 28-Aug 1932978 4aThe magellanic systembproceedings of the 256th Symposium of the IAU on the magellanic system, Stars, gas, and Galaxies, held in Keele University, UNited Kingdom, July 28 - August 1, 2008cedited by Joana M Oliveira and Jacco Th Van Loon  aCambridgebCambridge University Pressc2009 a[various pagings.] aMagellanic clouds-Congresses932979 aStar foramation-Congresses932980 aStellar Astrophysics-Congresses932981 aOliveira, Joana M., ed.932982 aVan Loon, Jacco Th., ed.932983 cBK c17472d17472 00104070aBANbBANcGENd2009-10-05eFBB g7728.38l0o082.2:52/ IAU-S256p18394r2021-11-05v7728.38w2009-10-05yBKGRs. 7728.38